000 00577nam a2200181Ia 4500
003 LDD
008 190117s9999 xx 000 0 und d
020 _c₹125
040 _cLDD
041 _ahi
082 _a001.303 मा49368
100 _aनगेन्द्र
245 0 _aमानविकी परिभाषा कोश (दर्शन खंड)
_cनगेन्द्र
260 _aनई दिल्ली
_bराजकमल
_c1998
300 _a205
901 _aVANI
942 _2ddc
_cH
999 _c161916
_d161916